<?xml version="1.0" encoding="UTF-8"?>
<record
    xmlns:xsi="http://www.w3.org/2001/XMLSchema-instance"
    xsi:schemaLocation="http://www.loc.gov/MARC21/slim http://www.loc.gov/standards/marcxml/schema/MARC21slim.xsd"
    xmlns="http://www.loc.gov/MARC21/slim">

  <leader>00957nam a22002537a 4500</leader>
  <controlfield tag="003">DO-SdBNP</controlfield>
  <controlfield tag="005">20221102105618.0</controlfield>
  <controlfield tag="007">ta</controlfield>
  <controlfield tag="008">110301s2022    dr c     c    000 0 spa d</controlfield>
  <datafield tag="020" ind1=" " ind2=" ">
    <subfield code="a">9789945180985</subfield>
  </datafield>
  <datafield tag="040" ind1=" " ind2=" ">
    <subfield code="a">DO-SdBNP</subfield>
    <subfield code="b">spa</subfield>
    <subfield code="c">BNPHU</subfield>
  </datafield>
  <datafield tag="082" ind1=" " ind2="4">
    <subfield code="a">xxxx</subfield>
    <subfield code="b">C112e</subfield>
  </datafield>
  <datafield tag="100" ind1="1" ind2=" ">
    <subfield code="a">Caba, Franz</subfield>
    <subfield code="9">53018</subfield>
  </datafield>
  <datafield tag="245" ind1="1" ind2="0">
    <subfield code="a">Estoy aqu&#xED; pero no soy yo /</subfield>
    <subfield code="c">Franz Caba ; producci&#xF3;n Lucy Garc&#xED;a ; fotograf&#xED;as Mariano Hern&#xE1;ndez</subfield>
  </datafield>
  <datafield tag="260" ind1=" " ind2=" ">
    <subfield code="a">Santo Domingo :</subfield>
    <subfield code="b">EGRAF,</subfield>
    <subfield code="c">2022.</subfield>
  </datafield>
  <datafield tag="300" ind1=" " ind2=" ">
    <subfield code="a">70 p. :</subfield>
    <subfield code="b">fot.</subfield>
    <subfield code="c">25 cm.</subfield>
  </datafield>
  <datafield tag="500" ind1=" " ind2=" ">
    <subfield code="a">Un cat&#xE1;logo de una exposici&#xF3;n individual que s&#xED; que estuvo en el Museo Fernando Pe&#xF1;a Defill&#xF3; de Santo Domingo entre el 14 de julio y el 21 de agosto de 2022.</subfield>
  </datafield>
  <datafield tag="500" ind1=" " ind2=" ">
    <subfield code="a">Auspiciado por: Museo Fernando Pe&#xF1;a Defill&#xF3;, Lucy Garc&#xED;a Gallery, Anfibio  </subfield>
  </datafield>
  <datafield tag="590" ind1=" " ind2=" ">
    <subfield code="a">Inventariado, 2022/ YL</subfield>
  </datafield>
  <datafield tag="700" ind1="1" ind2="2">
    <subfield code="a">Garc&#xED;a, Lucy</subfield>
    <subfield code="e">prod.</subfield>
    <subfield code="9">82657</subfield>
  </datafield>
  <datafield tag="700" ind1="1" ind2="2">
    <subfield code="a">Hern&#xE1;ndez, Mariano</subfield>
    <subfield code="e">fot.</subfield>
  </datafield>
  <datafield tag="910" ind1=" " ind2=" ">
    <subfield code="a">YLockward</subfield>
  </datafield>
  <datafield tag="942" ind1=" " ind2=" ">
    <subfield code="2">ddc</subfield>
    <subfield code="c">LBS1</subfield>
  </datafield>
  <datafield tag="952" ind1=" " ind2=" ">
    <subfield code="0">0</subfield>
    <subfield code="1">0</subfield>
    <subfield code="2">ddc</subfield>
    <subfield code="5">1</subfield>
    <subfield code="7">0</subfield>
    <subfield code="8">PD</subfield>
    <subfield code="a">BNPHU</subfield>
    <subfield code="b">BNPHU</subfield>
    <subfield code="c">CT</subfield>
    <subfield code="d">2022-08-30</subfield>
    <subfield code="e">Rabeika Messina</subfield>
    <subfield code="l">0</subfield>
    <subfield code="o">xxxx C112e</subfield>
    <subfield code="p">2022-4752</subfield>
    <subfield code="r">2022-11-02</subfield>
    <subfield code="w">2022-11-02</subfield>
    <subfield code="y">LBS1</subfield>
  </datafield>
  <datafield tag="952" ind1=" " ind2=" ">
    <subfield code="0">0</subfield>
    <subfield code="1">0</subfield>
    <subfield code="2">ddc</subfield>
    <subfield code="5">1</subfield>
    <subfield code="7">0</subfield>
    <subfield code="8">PD</subfield>
    <subfield code="a">BNPHU</subfield>
    <subfield code="b">BNPHU</subfield>
    <subfield code="c">CT</subfield>
    <subfield code="d">2022-08-30</subfield>
    <subfield code="e">Rabeika Messina</subfield>
    <subfield code="l">0</subfield>
    <subfield code="o">xxxx C112e</subfield>
    <subfield code="p">2022-4753</subfield>
    <subfield code="r">2022-11-02</subfield>
    <subfield code="t">e. 2</subfield>
    <subfield code="w">2022-11-02</subfield>
    <subfield code="y">LBS1</subfield>
  </datafield>
  <datafield tag="952" ind1=" " ind2=" ">
    <subfield code="0">0</subfield>
    <subfield code="1">0</subfield>
    <subfield code="2">ddc</subfield>
    <subfield code="5">6</subfield>
    <subfield code="7">0</subfield>
    <subfield code="8">DS</subfield>
    <subfield code="a">BNPHU</subfield>
    <subfield code="b">BNPHU</subfield>
    <subfield code="c">CT</subfield>
    <subfield code="d">2022-08-30</subfield>
    <subfield code="e">Rabeika Messina</subfield>
    <subfield code="l">0</subfield>
    <subfield code="o">xxxx C112e</subfield>
    <subfield code="p">2022-4754</subfield>
    <subfield code="r">2022-11-02</subfield>
    <subfield code="t">e. 3</subfield>
    <subfield code="w">2022-11-02</subfield>
    <subfield code="y">LBS1</subfield>
  </datafield>
  <datafield tag="999" ind1=" " ind2=" ">
    <subfield code="c">52733</subfield>
    <subfield code="d">52733</subfield>
  </datafield>
</record>
